Shared Name with a TV Character II Quiz Stats

 Plays Quiz Updated Jul 1, 2017

Support Sporcle.
Go Orange.
Score 0/25 Timer 07:00
0 Plays Today
% Correct
Arnold Schwarzenegger ---- Arnold Jackson (Diff'rent Strokes)
95.9%
Samuel L. Jackson ---- Samuel 'Screech' Powers (Saved by the Bell)
92.5%
Will Smith ---- Will Graham (Hannibal)
90.1%
George Clooney ---- George Michael Bluth (Arrested Development)
89.8%
Michael Jordan ---- Michael Scott (The Office)
86.5%
Jackie Chan ---- Jackie Burkhart (That '70s Show)
86.4%
Kevin Bacon ---- Kevin Casey (Scrubs)
84%
Michelle Pfeiffer ---- Michelle Tanner (Full House)
80.9%
Lucy Hale ---- Lucy Ricardo (I Love Lucy)
80.8%
Robin Wright ---- Robin Scherbatsky (How I Met Your Mother)
72.3%
Susan Sarandon ---- Susan Ross (Scandal)
69.5%
Julie Andrews ---- Julie Taylor (Friday Night Lights)
68.8%
Melissa McCarthy ---- Melissa Shart (The Last Man on Earth)
68%
% Correct
Carrie Underwood ---- Carrie Mathison (Homeland)
61.8%
Alicia Keys ---- Alicia Florrick (The Good Wife)
61.1%
Andy Dick ---- Andy Dwyer (Parks & Recreation)
58.3%
Sabrina Carpenter ---- Sabrina Spellman (Sabrina the Teenage Witch)
57.8%
Damon Wayans ---- Damon Salvatore (The Vampire Diaries)
54.6%
Cory Monteith ---- Cory Matthews (Boy Meets World)
53.3%
Piper Perabo ---- Piper Chapman (Orange is the New Black)
47.3%
Sophia Bush ---- Sophia Petrillo (The Golden Girls)
45.6%
Naomi Campbell ---- Naomi Clark (90210)
35.9%
Haley Bennett ---- Haley Dunphy (Modern Family)
35.1%
Kristin Chenoweth ---- Kristin Baxter (Last Man Standing)
34.9%
Alison Brie ---- Alison Dilaurentis (Pretty Little Liars)
31.4%

You're not logged in!

Compare scores with friends on all Sporcle quizzes.
OR
Log In
Forgot?

From the Vault

Finish the Movie with a Movie III

by strokes_static

If you can't figure out the ending to write for your film, just steal it from another film.
Remove Ads.
Support Sporcle.
Get the best of Sporcle when you Go Orange. This ad-free experience offers more features, more stats, and more fun while also helping to support Sporcle. Thank you for becoming a member.

Show Comments

Extras

Top Quizzes Today


Score Distribution

Your Account Isn't Verified!

In order to create a playlist on Sporcle, you need to verify the email address you used during registration. Go to your Sporcle Settings to finish the process.

Report this User

Report this user for behavior that violates our Community Guidelines.

Details: